000
00301nam a22001337a 4500
008
170421b xxu||||| |||| 00| 0 eng d
020
_a
29160
041
_a
eng
080
_a
573
100
_a
11
101
_a
SHM
245
_a
BIOLOGY/ ITS PRINCIPLES AND IMPLICATIONS
_c
HARDIN, G
942
_2
udc
_c
BK
999
_c
11455
_d
11455